Najpotężniejsze kraje w 1900 roku - Statystyki

Ogólne statystyki
  • Ten quiz został rozwiązany 67 razy
  • Średni wynik to 10 z 10
Statystyki odpowiedzi
Kontynent Odpowiedź % Poprawnych
Europa Cesarstwo Niemieckie
100%
Europa Francja
100%
Azja+Europa Rosja
100%
Europa Imperium Brytyjskie
98%
Azja Japonia
98%
Ameryka Płn. StanyZjednoczone
98%
Azja Dynastia Quing
96%
Europa+Azja Imperium Osmańskie
94%
Europa Austro-Węgry
89%
Europa Włochy
83%
Nie znaleziono quizów pasujących do podanych kryteriów
Rozkład punktacji
Procent ludzi z każdym wynikiem
Percentyl według liczby udzielonych odpowiedzi
Twoja historia wyników
Nie rozwiązałeś tego quizu